Řízení lidských zdrojů

Podrobná bibliografia
Hlavní autori: Milkovich, George T. (Autor), Boudreau, John W. (Autor)
Ďalší autori: Koš, Mojmír (Prekladateľ)
Médium: Kniha
Jazyk:čeština
angličtina
PhysicalDescription:930 s. ilust. 25 cm
Vydavateľské údaje: Praha Grada 1993
ISBN:8085623293
Vydanie:1. vyd.
Predmet:

MARC

LEADER 00000cam a2200000 a 4500
001 vtls008207694
003 SK-MaSNL
005 20260302074102.0
008 240318s1993 xr a g np 001 0 cze
020 |a 8085623293  |q (viazané) 
035 |a SVKPOKN019173 
040 |a SNK  |b slo  |c SNK  |e AACR2 
041 1 |a cze  |h eng 
044 |a xr  |c CZ 
072 7 |a 005  |x Manažment. Riadenie  |2 konspekt 
080 |a 005.95/.96  |2 2011 
080 |a 331.108.2  |2 2011 
080 |a 331.108.23  |2 2011 
080 |a 005  |2 2011 
080 |a (075.8)  |2 2011 
100 1 |a Milkovich, George T.  |4 aut  |9 739274 
245 1 0 |a Řízení lidských zdrojů  |c George T. Milkovich, John W. Boudreau ; [translation: Mojmír Koš a kol.] 
250 |a 1. vyd. 
260 |a Praha  |b Grada  |c 1993 
300 |a 930 s.  |b ilust.  |c 25 cm 
500 |a Terminologický slovník 
504 |a Bibliogr. odkazy ; reg. 
650 0 7 |a personálny manažment  |2 SNKPH  |9 936 
650 0 7 |a ľudské zdroje  |2 SNKPH  |9 1746 
650 0 7 |a riadenie  |2 SNKPH  |9 924 
650 0 7 |a Personal management  |2 SNKPHeng  |9 486431 
650 0 7 |a Human capital  |2 SNKPHeng  |9 265623 
650 0 7 |a Management  |2 SNKPHeng  |9 265406 
655 7 |a učebnice vysokých škôl  |2 SNKPH  |9 70191 
655 7 |a Textbooks (higher)  |2 SNKPHeng  |9 276436 
700 1 |a Boudreau, John W.  |4 aut  |9 739275 
700 1 |a Koš, Mojmír  |4 trl  |9 739276 
919 |a 80-85623-29-3 
958 |a NB 
958 |a UV 
958 |a OP 
968 |a ČES  |b ENG 
999 |c 1163639  |d 1165569 
952 |a SNK  |b SNK  |y VYP  |7 0  |p 17A1077878  |o snkIC 142720  |i snk2016/18900  |8 5  |0 0  |1 0  |4 0  |d 2000-08-15  |l 0  |r 2005-01-02 00:00:00  |w 2026-02-24